000 00804nam a2200253 a 4500
001 000022087
005 20250603102625.0
008 100916s1973 ag a 000 0 spa d
040 _aDO-SdBNP
_bspa
_cBNPHU
082 _a781.65
_bW743g
100 1 _aWilmer, Valerie.
_945761
245 1 0 _aGente del jazz /
_cValerie Wilmer ; traducción Gerardo V. Huseby.
260 _aBuenos Aires, (Argentina) :
_bEditorial Victor Leru,
_c1973.
300 _a170 p. :
_bil. ;
_c20 cm.
490 1 _aLa música y los músicos
650 4 _aMúsica de jazz
_97081
650 4 _aMúsicos de jazz
_945762
650 4 _aCantantes de jazz
_945763
650 0 _aMúsica
_92775
650 0 _aMúsicos
_945195
700 1 _aHuseby, Gerardo V.,
_etr.
_945764
830 0 _aLa música y los músicos
_945765
049 _aBNGR
999 _c21585
_d21585